<?xml version="1.0" encoding="UTF-8"?><?xml-stylesheet type="text/xsl" href="static/style.xsl"?><OAI-PMH xmlns="http://www.openarchives.org/OAI/2.0/" xmlns:xsi="http://www.w3.org/2001/XMLSchema-instance" xsi:schemaLocation="http://www.openarchives.org/OAI/2.0/ http://www.openarchives.org/OAI/2.0/OAI-PMH.xsd"><responseDate>2026-04-13T07:22:17Z</responseDate><request verb="GetRecord" identifier="oai:www.recercat.cat:11351/7057" metadataPrefix="marc">https://recercat.cat/oai/request</request><GetRecord><record><header><identifier>oai:recercat.cat:11351/7057</identifier><datestamp>2025-10-24T10:33:00Z</datestamp><setSpec>com_2072_378070</setSpec><setSpec>com_2072_378040</setSpec><setSpec>col_2072_378092</setSpec></header><metadata><record xmlns="http://www.loc.gov/MARC21/slim" xmlns:dcterms="http://purl.org/dc/terms/" xmlns:xsi="http://www.w3.org/2001/XMLSchema-instance" xmlns:doc="http://www.lyncode.com/xoai" xsi:schemaLocation="http://www.loc.gov/MARC21/slim http://www.loc.gov/standards/marcxml/schema/MARC21slim.xsd">
   <leader>00925njm 22002777a 4500</leader>
   <datafield ind2=" " ind1=" " tag="042">
      <subfield code="a">dc</subfield>
   </datafield>
   <datafield ind2=" " ind1=" " tag="720">
      <subfield code="a">Grivas, P.</subfield>
      <subfield code="e">author</subfield>
   </datafield>
   <datafield ind2=" " ind1=" " tag="720">
      <subfield code="a">Loriot, Y.</subfield>
      <subfield code="e">author</subfield>
   </datafield>
   <datafield ind2=" " ind1=" " tag="720">
      <subfield code="a">Morales Barrera, Rafael</subfield>
      <subfield code="e">author</subfield>
   </datafield>
   <datafield ind2=" " ind1=" " tag="720">
      <subfield code="a">Teo, M. Y.</subfield>
      <subfield code="e">author</subfield>
   </datafield>
   <datafield ind2=" " ind1=" " tag="720">
      <subfield code="a">Zakharia, Y.</subfield>
      <subfield code="e">author</subfield>
   </datafield>
   <datafield ind2=" " ind1=" " tag="720">
      <subfield code="a">Feyerabend, S.</subfield>
      <subfield code="e">author</subfield>
   </datafield>
   <datafield ind2=" " ind1=" " tag="260">
      <subfield code="c">2022-02-22T07:53:40Z</subfield>
   </datafield>
   <datafield ind2=" " ind1=" " tag="260">
      <subfield code="c">2022-02-22T07:53:40Z</subfield>
   </datafield>
   <datafield ind2=" " ind1=" " tag="260">
      <subfield code="c">2021-05-24</subfield>
   </datafield>
   <datafield ind2=" " ind1=" " tag="520">
      <subfield code="a">Càncer de bufeta; Rucaparib; Carcinoma urotelial</subfield>
   </datafield>
   <datafield ind2=" " ind1=" " tag="520">
      <subfield code="a">Cáncer de vejiga; Rucaparib; Carcinoma urotelial</subfield>
   </datafield>
   <datafield ind2=" " ind1=" " tag="520">
      <subfield code="a">Bladder cancer; Rucaparib; Urothelial carcinoma</subfield>
   </datafield>
   <datafield ind2=" " ind1=" " tag="520">
      <subfield code="a">Background&#xd;
ATLAS evaluated the efficacy and safety of the PARP inhibitor rucaparib in patients with previously treated locally advanced/unresectable or metastatic urothelial carcinoma (UC).&#xd;
Methods&#xd;
Patients with UC were enrolled independent of tumor homologous recombination deficiency (HRD) status and received rucaparib 600 mg BID. The primary endpoint was investigator-assessed objective response rate (RECIST v1.1) in the intent-to-treat and HRD-positive (loss of genome-wide heterozygosity ≥10%) populations. Key secondary endpoints were progression-free survival (PFS) and safety. Disease control rate (DCR) was defined post-hoc as the proportion of patients with a confirmed complete or partial response (PR), or stable disease lasting ≥16 weeks.&#xd;
Results&#xd;
Of 97 enrolled patients, 20 (20.6%) were HRD-positive, 30 (30.9%) HRD-negative, and 47 (48.5%) HRD-indeterminate. Among 95 evaluable patients, there were no confirmed responses. However, reductions in the sum of target lesions were observed, including 6 (6.3%) patients with unconfirmed PR. DCR was 11.6%; median PFS was 1.8 months (95% CI, 1.6–1.9). No relationship was observed between HRD status and efficacy endpoints. Median treatment duration was 1.8 months (range, 0.1–10.1). Most frequent any-grade treatment-emergent adverse events were asthenia/fatigue (57.7%), nausea (42.3%), and anemia (36.1%). Of 64 patients with data from tumor tissue samples, 10 (15.6%) had a deleterious alteration in a DNA damage repair pathway gene, including four with a deleterious BRCA1 or BRCA2 alteration.&#xd;
Conclusions&#xd;
Rucaparib did not show significant activity in unselected patients with advanced UC regardless of HRD status. The safety profile was consistent with that observed in patients with ovarian or prostate cancer.</subfield>
   </datafield>
   <datafield ind2=" " ind1=" " tag="520">
      <subfield code="a">The work was supported by Clovis Oncology (no grant number) and was designed by the sponsor, P. Grivas, and S. Chowdhury.</subfield>
   </datafield>
   <datafield ind1="8" ind2=" " tag="024">
      <subfield code="a">http://hdl.handle.net/11351/7057</subfield>
   </datafield>
   <datafield tag="653" ind2=" " ind1=" ">
      <subfield code="a">Bufeta - Càncer - Tractament</subfield>
   </datafield>
   <datafield tag="653" ind2=" " ind1=" ">
      <subfield code="a">Inhibidors enzimàtics - Ús terapèutic - Eficàcia</subfield>
   </datafield>
   <datafield tag="653" ind2=" " ind1=" ">
      <subfield code="a">DISEASES::Neoplasms::Neoplasms by Site::Urogenital Neoplasms::Urologic Neoplasms::Urinary Bladder Neoplasms</subfield>
   </datafield>
   <datafield tag="653" ind2=" " ind1=" ">
      <subfield code="a">Other subheadings::Other subheadings::Other subheadings::/drug therapy</subfield>
   </datafield>
   <datafield tag="653" ind2=" " ind1=" ">
      <subfield code="a">CHEMICALS AND DRUGS::Chemical Actions and Uses::Pharmacologic Actions::Molecular Mechanisms of Pharmacological Action::Enzyme Inhibitors::Poly(ADP-ribose) Polymerase Inhibitors</subfield>
   </datafield>
   <datafield tag="653" ind2=" " ind1=" ">
      <subfield code="a">Other subheadings::Other subheadings::Other subheadings::/administration &amp; dosage</subfield>
   </datafield>
   <datafield tag="653" ind2=" " ind1=" ">
      <subfield code="a">ENFERMEDADES::neoplasias::neoplasias por localización::neoplasias urogenitales::neoplasias urológicas::neoplasias de la vejiga</subfield>
   </datafield>
   <datafield tag="653" ind2=" " ind1=" ">
      <subfield code="a">Otros calificadores::Otros calificadores::Otros calificadores::/farmacoterapia</subfield>
   </datafield>
   <datafield tag="653" ind2=" " ind1=" ">
      <subfield code="a">COMPUESTOS QUÍMICOS Y DROGAS::acciones y usos químicos::acciones farmacológicas::mecanismos moleculares de acción farmacológica::inhibidores enzimáticos::inhibidores de poli(ADP-ribosa) polimerasas</subfield>
   </datafield>
   <datafield tag="653" ind2=" " ind1=" ">
      <subfield code="a">Otros calificadores::Otros calificadores::Otros calificadores::/administración &amp; dosificación</subfield>
   </datafield>
   <datafield ind2="0" ind1="0" tag="245">
      <subfield code="a">Efficacy and safety of rucaparib in previously treated, locally advanced or metastatic urothelial carcinoma from a phase 2, open-label trial (ATLAS)</subfield>
   </datafield>
</record></metadata></record></GetRecord></OAI-PMH>